| 000 | 01024cam a2200205 4500 | ||
|---|---|---|---|
| 001 | WB3947-12 | ||
| 008 | 031210n2003 000 0 eng u | ||
| 035 | _a(Sirsi) u124590 | ||
| 245 | _aDesigning out crime will save London millions | ||
| 260 | _c2003 | ||
| 490 |
_aGreater London Authority News Release _v(522) 5 December 2003 (2) |
||
| 520 | _aA seminar hosted by the London Assembly's Environment Committee examined ways of reducing anti-social and environmental crimes. Delegates said that crime could be minimised by city designers achieving a better balance between creating a welcoming area whilst maintaining security. Design, maintenance and management of areas were also highlighted together with community involvement. The press release can be viewed at http://www.london.gov.uk/view_press_release_a.jsp?releaseid=2147 | ||
| 590 | _aWB | ||
| 650 | _aGREATER LONDON ASSEMBLY | ||
| 650 | _aURBAN DESIGN | ||
| 650 | _aSECURITY | ||
| 650 | _aANTI-SOCIAL BEHAVIOUR | ||
| 690 | _aREGENERATION | ||
| 942 | _n0 | ||
| 999 |
_c73938 _d73938 |
||